<?xml version="1.0" encoding="UTF-8"?>
<record
    xmlns:xsi="http://www.w3.org/2001/XMLSchema-instance"
    xsi:schemaLocation="http://www.loc.gov/MARC21/slim http://www.loc.gov/standards/marcxml/schema/MARC21slim.xsd"
    xmlns="http://www.loc.gov/MARC21/slim">

  <leader>00799nab a2200205 uc4500</leader>
  <controlfield tag="001">732588</controlfield>
  <controlfield tag="005">20240201165640.0</controlfield>
  <controlfield tag="008">020419e19170601                    spa  </controlfield>
  <datafield tag="035" ind1=" " ind2=" ">
    <subfield code="a">732588</subfield>
  </datafield>
  <datafield tag="035" ind1=" " ind2=" ">
    <subfield code="a">(OCoLC)819942100</subfield>
  </datafield>
  <datafield tag="040" ind1=" " ind2=" ">
    <subfield code="c">comduadb</subfield>
  </datafield>
  <datafield tag="041" ind1=" " ind2=" ">
    <subfield code="a">spa</subfield>
  </datafield>
  <datafield tag="100" ind1="1" ind2="0">
    <subfield code="a">Elorza, J. M.</subfield>
    <subfield code="4">aut</subfield>
    <subfield code="e">aut</subfield>
    <subfield code="9">360368</subfield>
  </datafield>
  <datafield tag="245" ind1="1" ind2="0">
    <subfield code="a">Examen mensual de agricultura</subfield>
  </datafield>
  <datafield tag="650" ind1=" " ind2=" ">
    <subfield code="a">Escuela de Agricultura tropical  y Veterinaria</subfield>
    <subfield code="9">99302</subfield>
  </datafield>
  <datafield tag="650" ind1=" " ind2=" ">
    <subfield code="a">Examenes, pruebas, etc.</subfield>
    <subfield code="9">34054</subfield>
  </datafield>
  <datafield tag="650" ind1=" " ind2=" ">
    <subfield code="a">Educacion publica - Antioquia</subfield>
    <subfield code="9">5501</subfield>
  </datafield>
  <datafield tag="773" ind1="0" ind2=" ">
    <subfield code="t">Instrucci&#xF3;n P&#xFA;blica Antioque&#xF1;a (Medell&#xED;n)</subfield>
    <subfield code="g">Instruccion Publica Antioquena. Vol. 06, Nos. 61-64, 1915 - Vol. 06, Nos. 65-68, 73-74, 1916 - Vol. 06, Nos. 75-81, 1917, Vol. 06, Nos. 80-81, Jun.-Jul. 1917, p. 496-498</subfield>
    <subfield code="w">684307</subfield>
    <subfield code="0">203684</subfield>
  </datafield>
  <datafield tag="942" ind1=" " ind2=" ">
    <subfield code="c">ARIMP</subfield>
  </datafield>
  <datafield tag="999" ind1=" " ind2=" ">
    <subfield code="c">230583</subfield>
    <subfield code="d">230583</subfield>
  </datafield>
</record>
